000 00495nmm a2200169Ia 4500
008 251105s9999||||xx |||||||||||||||||und||
020 _a9788475224497
041 _aspa
100 _aEsteban, José
245 0 _aUn soneto me manda hacer Violante :
_b Sonetos del soneto
264 _a[Madrid, España] :
_bVisor Libros,
_c2000
300 _a128 páginas
490 _aVisor de Poesía
650 _aSpanish poetry
856 _uhttps://public.digitaliapublishing.com/a/76805
942 _cCF
999 _c84956
_d84956